Matej Bel
| Titel: | Matej Bel : kým nezaschne tlačiarenská čerň : boj Mateja Bela o Notície v rokoch 1735-1749 / Miloš Jesenský, Peter Kubica |
|---|---|
| Verfasser: | ; |
| Ausgabe: | 1. vydanie |
| Veröffentlicht: | Banská Bystrica : Belianum, 2025 |
| Umfang: | 159 Seiten |
| Format: | Buch |
| Sprache: | Slowakisch |
| ISBN: | 9788055722290 |
| Hinweise zum Inhalt: |
Cover
Inhaltsverzeichnis |
alg: 54155695 001A $03004:23-01-26 001B $01999:08-04-26 $t11:32:45.000 001D $03004:13-02-26 001U $0utf8 001X $00 002@ $0Aau 002C $aText $btxt $2rdacontent 002D $aohne Hilfsmittel zu benutzen $bn $2rdamedia 002E $aBand $bnc $2rdacarrier 003@ $0541556959 004A $A978-80-557-2229-0 007A $0541556959 $aHEB 007G $0 009P $qapplication/pdf $A2 $3Cover $uhttp://scans.hebis.de/HEBCGI/show.pl?54155695_cov.pdf $mV:DE-603;B:DE-Mb50 009P $qapplication/pdf $A2 $3Inhaltsverzeichnis $uhttp://scans.hebis.de/HEBCGI/show.pl?54155695_toc.pdf $mV:DE-603;B:DE-Mb50 010@ $aslo 010E $erda 011@ $a2025 021A $aMatej Bel $dkým nezaschne tlačiarenská čerň : boj Mateja Bela o Notície v rokoch 1735-1749 $hMiloš Jesenský, Peter Kubica 027A $aNotitia Hungariae novae historico-geographica 028A $BVerfasser $#Jensen, Manfred $#Jensen, M. $4aut $7130563927 $8Jesenský, Miloš$Z1971- [Tp3] $9160721199 028C $BVerfasser $4aut $7102911658X $8Kubica, Peter$Z1976- [Tp3] $9314562168 032@ $a1. vydanie 033A $pBanská Bystrica $nBelianum 034D $a159 Seiten 037A $aLiteraturangaben 044K $RMeliboeus $#Bel, Matthias $#Funtík, Matej $#Belius, Matthias G. $#M. B. P. K. $#Belius, Matthias Godofredus $#Belius, Mathias $#Bely, Matthias $#Bell, Matthias $#Belius, Matthaias $#Belius, Matthias $#Bel, Matej $#Meliboeus $7119315416 $8Bél, Mátyás$Z1684-1749 [Tp1] $9087655233 044K $RTschechoslowakei $RTschechoslowakei $#Slowakei $#Slowakei $#Slowakei $#Slowakische Republik (1938-1945) $#Slowakische Republik $#Oberungarn $#Slovensko $#Slovenská Republika $#Slovenská SR $#SSR $#Slovakia $#Slovaquie $#Slovak Republic $#République Slovaque $#Slovenská Socialistická Republika $#Slowakische Sozialistische Republik $#Slovak Socialist Republic $#République Socialiste Slovaque $74055297-4 $8Slowakei [Tg1] $9085153834 044K $RGelehrter $#Universalgelehrter $74504156-8 $8Polyhistor [Ts1] $908920865X 044K $RGeografie $#Historical geography $#Géographie historique $#Geografia storica $#Geografía histórica $#Historische Geographie $#Geschichtsgeographie $#Geschichtsgeografie $74025103-2 $8Historische Geografie [Ts1] $9085062359 045F $a370.9437309033 $eDDC23BSB 045F/01 $a370.9 045F/03 $f09033 045F/03 $g4373 045R $aGeschichte 1735-1749 lok: 54155695 24 exp: 54155695 24 1 #EPN 201B/01 $013-02-26 $t13:17:14.000 201C/01 $023-01-26 201U/01 $0utf8 203@/01 $01332763278 208@/01 $a04-02-26 $bz 209A/01 $a26.00199 $du $f050 $h26 00199 $x00 209C/01 $a26.00199 K $h26 00199 K 209G/01 $a74854931 $x00 220C/01 $akoe 247C/01 $8358050-7Marburg, Bibliothek des Herder-Instituts Marburg $9102600961
| LEADER | 00000cam a2200000 c 4500 | ||
|---|---|---|---|
| 001 | 541556959 | ||
| 003 | DE-603 | ||
| 005 | 20260408113245.0 | ||
| 007 | tu | ||
| 008 | 260123s2025 xx |||| | u00||u|slo c | ||
| 020 | |a 9788055722290 | ||
| 035 | |a (DE-599)HEB541556959 | ||
| 040 | |a DE-603 |b ger |c DE-603 |d DE-603 |e rda | ||
| 041 | |a slo | ||
| 082 | 0 | 4 | |8 1\u |a 370.9437309033 |q DE-101 |2 23/BSB |
| 085 | |8 1\u |b 370.9 | ||
| 085 | |8 1\u |z 1 |s 09033 | ||
| 085 | |8 1\u |z 2 |s 4373 | ||
| 100 | 1 | |a Jesenský, Miloš |d 1971- |e Verfasser |4 aut |0 (DE-603)160721199 |0 (DE-588)130563927 |2 gnd | |
| 245 | 0 | 0 | |a Matej Bel |b kým nezaschne tlačiarenská čerň : boj Mateja Bela o Notície v rokoch 1735-1749 |c Miloš Jesenský, Peter Kubica |
| 246 | 1 | 3 | |a Notitia Hungariae novae historico-geographica |
| 250 | |a 1. vydanie | ||
| 264 | 1 | |a Banská Bystrica |b Belianum |c 2025 | |
| 300 | |a 159 Seiten | ||
| 336 | |a Text |b txt |2 rdacontent | ||
| 337 | |a ohne Hilfsmittel zu benutzen |b n |2 rdamedia | ||
| 338 | |a Band |b nc |2 rdacarrier | ||
| 500 | |a Literaturangaben | ||
| 600 | 1 | 7 | |a Bél, Mátyás |d 1684-1749 |0 (DE-588)119315416 |0 (DE-603)087655233 |2 gnd |
| 648 | 7 | |a Geschichte 1735-1749 |2 gnd | |
| 650 | 7 | |a Polyhistor |0 (DE-588)4504156-8 |0 (DE-603)08920865X |2 gnd | |
| 650 | 7 | |a Historische Geografie |0 (DE-588)4025103-2 |0 (DE-603)085062359 |2 gnd | |
| 651 | 7 | |a Slowakei |0 (DE-588)4055297-4 |0 (DE-603)085153834 |2 gnd | |
| 700 | 1 | |a Kubica, Peter |d 1976- |e Verfasser |4 aut |0 (DE-603)314562168 |0 (DE-588)102911658X |2 gnd | |
| 856 | 4 | 2 | |m V:DE-603;B:DE-Mb50 |q application/pdf |u http://scans.hebis.de/HEBCGI/show.pl?54155695_cov.pdf |3 Cover |
| 856 | 4 | 2 | |m V:DE-603;B:DE-Mb50 |q application/pdf |u http://scans.hebis.de/HEBCGI/show.pl?54155695_toc.pdf |3 Inhaltsverzeichnis |
| 924 | 0 | |9 Mb 50 |a (DE-603)1332763278 |b DE-Mb50 |c HES |d c |g 26.00199 | |


